AUDELS TRUCK AND TRACTOR GUIDE FOR MECHANICS AND DRIVERS OF GAS AND DIESEL MOTORS (Record no. 568926)

000 -LEADER
fixed length control field 00302nam a22001097a 4500
082 ## - DEWEY DECIMAL CLASSIFICATION NUMBER
Classification number 629.224 GRA'A
100 ## - MAIN ENTRY--PERSONAL NAME
Personal name GRAHAM, FRANK D
9 (RLIN) 42150
245 ## - TITLE STATEMENT
Title AUDELS TRUCK AND TRACTOR GUIDE FOR MECHANICS AND DRIVERS OF GAS AND DIESEL MOTORS
260 ## - PUBLICATION, DISTRIBUTION, ETC.
Place of publication, distribution, etc. NEWYORK
Name of publisher, distributor, etc. AUDEL
Date of publication, distribution, etc. 1960
300 ## - PHYSICAL DESCRIPTION
Extent 1298P
942 ## - ADDED ENTRY ELEMENTS (KOHA)
Koha item type Book
Holdings
Withdrawn status Lost status Damaged status Not for loan Permanent Location Current Location Shelving location Date acquired Total Checkouts Full call number Barcode Date last seen Price effective from Koha item type
        College of Electrical & Mechanical Engineering (CEME) College of Electrical & Mechanical Engineering (CEME) General Stacks 07/17/2017   629.224 GRA'A CEME-2831 06/28/2021 06/28/2021 Book
© 2023 Central Library, National University of Sciences and Technology. All Rights Reserved.